|
|
|
|
| LEADER |
00000cam a2200000 a 4500 |
| 001 |
vtls001443415 |
| 003 |
SK-MaSNL |
| 005 |
20260301072932.0 |
| 008 |
220720s2001 xo g 10000 slo |
| 015 |
|
|
|a SNBA2003/05-01529
|
| 035 |
|
|
|a SNK000398640
|
| 035 |
|
|
|a urn:nbn:sk:snk-amjrvt
|
| 035 |
|
|
|a urn:nbn:sk:snk:ar-a0bp5i
|
| 035 |
|
|
|a 2709bc39-4f90-4806-b13f-96c524d62b75
|
| 040 |
|
|
|a SNK
|b slo
|c SNK
|e AACR2
|
| 041 |
0 |
|
|a slo
|
| 044 |
|
|
|a xo
|c SK
|
| 072 |
|
7 |
|a 343.9
|2 konspekt
|
| 080 |
|
|
|a 343.85(082)
|2 1981
|
| 080 |
|
|
|a 343.85
|2 1981
|
| 080 |
|
|
|a 343.1
|2 1981
|
| 080 |
|
|
|a (063)
|2 1981
|
| 110 |
2 |
|
|a Organizácia spojených národov.
|b Kongres
|n (10. :
|d 2000 :
|c Viedeň, Rakúsko)
|4 aut
|9 393209
|
| 245 |
1 |
0 |
|a 10. kongres OSN o prevencii kriminality a zaobchádzaní s páchateľmi
|b Viedeň, 10.-17. apríla 2000
|c [redaktor: Ruth Erdélyiová]
|
| 246 |
1 |
3 |
|a Desiaty kongres OSN o prevencii kriminality a zaobchádzaní s páchateľmi
|
| 250 |
|
|
|a [1. vyd.]
|
| 260 |
|
|
|a [Bratislava]
|b Medzinárodný úrad pre kontrolu drog a prevenciu kriminality
|c 2001
|
| 300 |
|
|
|a 167 s.
|c 25 cm
|
| 500 |
|
|
|a Vyd. Ministerstvo vnútra SR-sekretáriat Rady vlády SR pre prevenciu kriminality
|
| 500 |
|
|
|a 600 výt. Nepredajné. Pre vnútornú potrebu
|
| 504 |
|
|
|a Bibliogr. odkazy
|
| 650 |
0 |
7 |
|a kriminalita
|2 SNKPH
|9 2180
|
| 650 |
0 |
7 |
|a prevencia kriminality
|2 SNKPH
|9 2696
|
| 650 |
0 |
7 |
|a trestné súdnictvo
|2 SNKPH
|9 2378
|
| 655 |
|
7 |
|a zborníky konferencií
|2 SNKPH
|9 70153
|
| 655 |
|
7 |
|a issue_zb
|2 SNK
|9 276493
|
| 700 |
1 |
|
|a Erdélyiová, Ruth
|4 com
|9 10057
|
| 954 |
|
|
|a odborná, vedecká literatúra pôvodná (slovenská)
|2 lita
|
| 958 |
|
|
|a OND
|
| 958 |
|
|
|a ART
|
| 958 |
|
|
|a ZB
|
| 958 |
|
|
|a NB
|
| 968 |
|
|
|d 34
|
| 999 |
|
|
|c 642613
|d 644543
|
| 952 |
|
|
|a SNK
|b SNK
|y VYP
|7 0
|p 17A0363446
|o snkSB 65877 D1
|i snkKSP 13712/2002
|0 0
|1 0
|4 0
|d 2002-11-12
|l 0
|r 2005-01-02 00:00:00
|w 2026-02-23
|
| 952 |
|
|
|t P60, <03>, [BOOK], {603}
|a SNK
|b SNK
|y PREZ
|7 0
|p 17A0363445
|o snkSB 65877
|i snkKSP 13711/2002
|0 0
|1 0
|4 0
|d 2002-11-12
|f 1
|l 0
|r 2025-04-17 00:00:00
|w 2026-02-23
|
| 952 |
|
|
|t snkKON 343.9(100)
|a SNKUST
|b SNKUST
|y PREZ
|7 0
|p 17A0511864
|o snkSB 65877 D2
|i snk2006/11050
|8 0
|0 0
|1 0
|4 0
|d 2006-06-02
|l 0
|r 2025-05-28 00:00:00
|w 2026-02-23
|